000 00987nam a22002537a 4500
005 20170124103006.0
010 _aA-060346
020 _c20.00
035 _aA-060346
037 _bCen Lib/Ret
040 _aDPL
_bHN
082 _a
_bइन्दिरा
100 _aइन्दिरा, कुमारी
_956198
245 _aअग्नि-अनावृत /
_cकुमारी इन्दिरा
246 _aAgni-anavarit /
_bby Kumari Indira
260 _aनयी दिल्ली
_bअतुल-आलोक प्रकाशन
_c1989
270 _a३५४३, जटवाडा, दरिया गंज
_bनयी दिल्ली
_e110002
300 _a226पृ.
_c19सेमी (सजिल्द)
650 _aहिन्दी साहित्य
_956199
650 _aउपन्यास
_956200
650 _aHindi literature
_956201
650 _aFiction
_98901
942 _2ddc
_cHN
_h
_mइन्दिरा
999 _c114284
_d114284